Statystyki dla Wszystkie współczesne państwa kontrolowane przez Prusy

Kliknij tutaj aby rozwiązać quiz!

Ogólne statystyki

  • Ten quiz został rozwiązany 330 razy
  • Średni wynik to 10 z 13

Odpowiedzi na mapie

Odpowiedzi skodowane kolorowo w zielono-czerwonej skali na mapie do tego quizu, zgodnie z poniższymi procentami.
 

Statystyki odpowiedzi

Państwo% Poprawnych
Polska
100%
Niemcy
99%
Litwa
97%
Rosja
97%
Białoruś
96%
Dania
96%
Belgia
95%
Holandia
94%
Szwajcaria
83%
Czechy
75%
Ghana
43%
Mauretania
43%
Stany Zjednoczone
(Portoryko /
Wyspy Dziewicze)
10%

Rozkład punktacji

Percentyl według liczby udzielonych odpowiedzi

Procent ludzi z każdym wynikiem

Twoja historia wyników

Nie rozwiązałeś tego quizu